000 00642nam a2200229Ia 4500
003 OSt
005 20220925232817.0
006 a|||||r|||| 00| 0
007 ta
008 220923b |||||||| |||| 00| 0 eng d
037 _cGeneral Book
040 _aRTL
_cRTL
_beng
041 _2eng
_aeng
082 _aY:(R), L3
100 _aPsathas George Ed.
245 0 _aPhenomenological sociology
_b Issues and applicatio
260 _aNew York
_bJohn Wiely
_c1973
300 _axiv, 369p
_ccm.
650 _aScientific Method
_9231124
942 _hY:(R), L3
_cGB
_2CC
999 _c592174
_d592174